Départements Limitrophes du Loir-et-Cher - Statistiques

Statistiques générales
  • Ce quiz a été pris 47 fois
  • Le résultat moyen est 6 sur 6
Statistiques - réponses
Départements % Correct
Indre
100%
Indre-et-Loire
100%
Cher
98%
Loiret
98%
Eure-et-Loir
93%
Sarthe
93%
Aucun quiz correspondant
Distribution des résultats
% des personnes avec chaque résultat
Percentile par nombre de réponses
Votre historique - résultats
Vous n’avez pas pris ce quiz